000 07826namaa22004451i 4500
003 EG-GICUC
005 20260422170112.0
008 260422s2025 ua a|||frm||| 000 0 eng d
040 _aEG-GICUC
_beng
_cEG-GICUC
_dEG-GICUC
_erda
041 0 _aeng
_beng
_bara
049 _aDeposit
082 0 4 _a615.82
092 _a615.82
_221
097 _aPh.D
099 _aCai01.21.04.Ph.D.2025.Mo.U
100 0 _aMohamed Mokhtar Fathy Mohamed,
_epreparation.
245 1 0 _aUltrasound cavitation versus electromagnetic stimulation on abdominal obesity after vaginal delivery /
_cby Mohamed Mokhtar Fathy Mohamed ; Supervisors Dr. Magda Sayed Morsy, Dr. Hala Mohamed Hanafy, Dr. Mohamed Fawzy Abo Alenen.
246 1 5 _aالتجويف بالموجات فوق الصوتية مقابل التنبيه الكهرومغناطيسي على البدانة في منطقة البطن بعد الولادة الطبيعية
264 0 _c2025.
300 _a140 pages :
_billustrations ;
_c25 cm. +
_eCD.
336 _atext
_2rda content
337 _aUnmediated
_2rdamedia
338 _avolume
_2rdacarrier
502 _aThesis (Ph.D)-Cairo University, 2025.
504 _aBibliography: pages 117-137.
520 3 _aBackground: Abdominal obesity is defined as the accumulation of fat mass in the abdominal region, which is associated with increased risk of serious disease, particularly cardiovascular disease (CVD). Aim of the study: to compare between effect of ultrasound cavitation and electromagnetic stimulation on abdominal obesity after vaginal delivery. Subjects and methods: Sixty obese multiparous women with marked abdominal obesity after six months from their last delivery were participated in this study. They were selected randomly from the outpatient clinic of physical therapy at General Suez Hospital. Their ages were ranged from (25-35) years old, their body mass index (BMI) was ranged from (30-35) kg/m², their waist circumference was ranged from 90 to 105 cm, their waist hip- ratio (WHR) was >0.85 and their parity was ranged from (2-4) children, they were divided randomly into 2 groups equal in number; (group (A) (thirty patients) had received high intensity focused electromagnetic stimulation on their abdomens for 30 minutes, two times per week for 12 weeks. And they performed moderate aerobic exercise program on treadmill for 30 minutes, 2 times/week for 12 weeks. And they were advised to follow a low caloric diet program for 12 weeks. (group (B) (thirty patients) had received high intensity focused ultrasound on their abdomens for 30 minutes, 2 times/week for 12 weeks. Also they performed moderate aerobic exercise program on treadmill for 30 minutes, 2 times/week for 12 weeks. And they were advised to follow a low-calorie diet program for 12 weeks as in group (A). Results: at the end of the treatment course, The results revealed that both groups (A&B) showed statistically (p<0.01) significant decrease in body weight, BMI, waist circumference (WC), waist-hip-action (WHR), cholesterol level, triglyceride level, low density lipoprotein (LDL), percent of body fat and statistically (p<0.001) significant increase in high density lipoprotein (HDL) after treatment course But, by comparing 2 studied groups (A&B) after treatment course, it was found that, percentage of decrease in body weight, BMI, WC, WHR, cholesterol level, triglyceride level, LDL, body fat and percentage of increase in HDL were more pronounced and more noticeable in group (A) when compared with group (B) after treatment. Conclusion: The high intensity focused electromagnetic stimulation was more effective than ultrasound cavitation in decreasing abdominal obesity after vaginal delivery.
520 3 _aمرجعية البحث: قرابةما يصل إلى 70% من مرضى التصلب المتعدد يعانون من ضعف في الأطراف السفلية، حتى في أولئك الذين يعانون من إعاقة منخفضة. وقد ارتبط ذلكبانخفاض الحركة والقدرة على التحمل أثناء المشي. على الرغم من أن تدريب القوة له تأثير إيجابي على قوة عضلاتهم، فقد يجد مرضى التصلب المتعدد صعوبة في ممارسة تمارين المقاومة التقليدية.الهدف من الدراسة:هومعرفة تأثير تدريب تقييد تدفق الدم على قوة عضلات الأطراف السفلية وأداء المشي لدى مرضى التصلب المتعدد. طريقة البحث:اجريت الدراسةعلى واحد وأربعون مريضا من مرضى التصلب المتعدد الذين تم تشخيصهم بخمول وانتكاس مرض التصلب المتعدد من كلا الجنسين، تراوحت أعمارهم بين 20 إلى 45 عاما، وتراوح مقياس عدم القدرة لديهم من "2" إلى "5”، تم تقسيمهم عشوائيا إلى مجموعتين،المجموعة ج1 والمجموعة ج2. تم علاج المرضى فيالمجموعة ج1ببرنامج تقوية علاجي منخفض الشدة للأطراف السفلية مع تقييد تدفق الدم عن طريق نفخ الكفة في الجزء القريب من الفخذ.والمجموعة ج2 تم علاجهم ببرنامج تقوية علاجي منخفض الشدةللأطراف السفليةفقط. تم إجراء العلاج مرتين في الأسبوع لمدة ستة أسابيعوتقييم كل مجموعة قبل وبعد انتهاء العلاج. استخدم جهازمقياس القوة الايزوكينتك لتقييم عزم الدوران الأقصى لباسطات الركبة، وعضلات الركبة القابضة، وعضلات الفخذالقابضةوالباسطة.تم إجراء تحليل المشي ثنائيالأبعاد بواسطة برنامج تحليل كينوفا.النتائج:أظهرت النتائج بعد العلاج زيادة ذات دلالة احصائية في قيمة عزم الدوران الاقصى لعضلات الركبة الباسطة وعضلات الفخذ الباسطة والقابضة بالمجموعتين، في حين زادت قيمة عزم الدوران الاقصى لعضلات الركبة القابضة بشكل ذو دلالة احصائية في المجموعة ج1 فقط. أظهرت المجموعتان اختلافات ليس لها دلالة احصائية في جميع مؤشرات المشي الزمانية المكانية. الاستنتاج: إضافة تقييد تدفق الدم إلى برنامج تدريبي تقوية منخفض الشدة يحسن القوة العضلية للأطراف السفلية لدى مرضى التصلب المتعدد، وليس له تأثير على مؤشرات المشي الزمانية والمكانية لهؤلاء المرضى
530 _aIssues also as CD.
546 _aText in English and abstract in Arabic & English.
650 0 _a Physical Therapy
650 0 _aالعلاج الطبيعي
653 1 _aelectromagnetic
_aultrasound cavitation
_aabdominal obesity
_avaginal delivery
_aobese women
_aالتحفيز الكهرومغناطيسي
_aالتجويف بالموجات فوق الصوتية
700 0 _a Magda Sayed Morsy
_ethesis advisor.
700 0 _aHala Mohamed Hanafy
_ethesis advisor.
700 0 _aMohamed Fawzy Abo Alenen
_ethesis advisor.
900 _b01-01-2025
_cMagda Sayed Morsy
_cHala Mohamed Hanafy
_cMohamed Fawzy Abo Alenen
_UCairo University
_FFaculty of Physical Therapy
_DDepartment of Physical Therapy for Women’s Health
905 _aShimaa
942 _2ddc
_cTH
_e21
_n0
999 _c179681